书目信息 |
| 题名: |
校雠广义
|
|
| 作者: | 程千帆 , 徐有富 著 | |
| 分册: | 目录编 | |
| 出版信息: | 北京 中华书局 2020 |
|
| 页数: | 410页 | |
| 开本: | 22cm | |
| 丛书名: | ||
| 单 册: | ||
| 中图分类: | G256.3 , G257 | |
| 科图分类: | ||
| 主题词: | 校勘--jiao kan--理论 , 目录学--mu lu xue--研究--中国--古代 | |
| 电子资源: | ||
| ISBN: | 978-7-101-13995-2 | |
| 000 | 00914nam0 2200277 450 | |
| 001 | 2131037821 | |
| 005 | 20211029202829.0 | |
| 010 | @a978-7-101-13995-2@b精装@dCNY69.00 | |
| 100 | @a20200727d2020 em y0chiy0120 ea | |
| 101 | 0 | @achi |
| 102 | @aCN@b110000 | |
| 105 | @ay z 000yy | |
| 106 | @ar | |
| 200 | 1 | @a校雠广义@Ajiao chou guang yi@i目录编@e修订本@f程千帆,徐有富著 |
| 210 | @a北京@c中华书局@d2020 | |
| 215 | @a410页@d22cm | |
| 330 | @a本书包括目录与目录学、目录的结构及其功用、目录的著录事项、目录的分类沿革、综合目录、学科目录、特种目录、目录的编制等。 | |
| 517 | 1 | @a目录编@Amu lu bian |
| 606 | 0 | @a校勘@Ajiao kan@x理论 |
| 606 | 0 | @a目录学@Amu lu xue@x研究@y中国@z古代 |
| 690 | @aG256.3@v5 | |
| 690 | @aG257@v5 | |
| 701 | 0 | @a程千帆@Acheng qian fan@f(1913-2000)@4著 |
| 701 | 0 | @a徐有富@Axu you fu@f(1943.7-)@4著 |
| 801 | 0 | @aCN@b百万庄@c20211029 |
| 905 | @b1312871-74@dG256.3@e114@f4 | |
| 校雠广义.目录编:修订本/程千帆,徐有富著.-北京:中华书局,2020 |
| 410页;22cm |
| ISBN 978-7-101-13995-2(精装):CNY69.00 |
| 本书包括目录与目录学、目录的结构及其功用、目录的著录事项、目录的分类沿革、综合目录、学科目录、特种目录、目录的编制等。 |
| ● |
| 相关链接 |
|
|
|
|
正题名:校雠广义
索取号:G256.3/114
 
预约/预借
| 序号 | 登录号 | 条形码 | 馆藏地/架位号 | 状态 | 备注 |
| 1 | 1312871 | 213128710 | 第一样本阅览室/ [索取号:G256.3/114] | 在馆 | |
| 2 | 1312872 | 213128729 | 第四借阅区/ [索取号:G256.3/114] | 在馆 | |
| 3 | 1312873 | 213128738 | 第四借阅区/ [索取号:G256.3/114] | 在馆 | |
| 4 | 1312874 | 213128747 | 第四借阅区/ [索取号:G256.3/114] | 在馆 |